| 000 | 00653cam a22001811 4500 | ||
|---|---|---|---|
| 082 |
_a620.112 _bNAI _cL-21, P-46 |
||
| 100 | 1 |
_aNaidu, Devara Satyanarayana, _940862 |
|
| 245 | 1 | 0 |
_aEngineering materials and their testing, _c[by] D. S. Naidu. |
| 260 |
_aBombay, _aNew York, _bAsia Pub. House _c[1964-66] |
||
| 300 |
_a2 v. _c23 cm. |
||
| 500 | _aVol. 2 has imprint: New York, Asia Pub. House. | ||
| 505 | 0 | _apt. 1. Iron, steel and their alloys.--pt. 2. Non-ferrous metals and their alloys. | |
| 526 |
_a0 _b0 _c0 _d620_112000000000000_NAI |
||
| 650 | 0 |
_aMaterials _xTesting. _940863 |
|
| 650 | 0 |
_aMaterials. _91466 |
|
| 650 | 0 |
_aMCE _9379 |
|
| 942 |
_2ddc _cBK |
||
| 999 |
_c545102 _d545102 |
||